|
|
|
|
| LEADER |
00000nta a2200000 i 4500 |
| 001 |
dolg1084 |
| 005 |
20150806100825.0 |
| 008 |
150305suuuu hu om 000 hun d |
| 040 |
|
|
|a BGE Dolgozattár Repozitórium
|b hun
|
| 041 |
|
|
|a hu
|
| 100 |
1 |
|
|a Sinkovity Szilvia
|
| 245 |
1 |
2 |
|a A rendelésteljesítés folyamata az Easy Gifts Kft.-nél
|c Sinkovity Szilvia
|h [elektronikus dokumentum]
|
| 695 |
|
|
|a Rendelésteljesítés
|
| 695 |
|
|
|a Logisztika
|
| 700 |
1 |
|
|a Horváth Dr Annamária
|e ths
|
| 856 |
4 |
0 |
|u http://dolgozattar.uni-bge.hu/1084/1/RendelesteljesitesazEasyGiftskftnel.pdf
|z Dokumentum-elérés
|
| 856 |
4 |
0 |
|u http://dolgozattar.uni-bge.hu/1084/2/HivatalosBejegyzes%20%281%29.pdf
|z Dokumentum-elérés
|